| 000 | 00935cam a2200217 4500 | ||
|---|---|---|---|
| 001 | WB3917-02 | ||
| 008 | 030508n2003 000 0 eng u | ||
| 035 | _a(Sirsi) u122222 | ||
| 245 | _aSurvey of UK construction professional services | ||
| 260 | _c2003 | ||
| 490 |
_aCICA Bulletin _v(85) Spring 2003, 7(1) |
||
| 520 | _aThe Construction Industry Council (CIC) recently published the "Survey of UK construction professional services 2001/2002". The survey assesses the size of the construction professional services UK market. Data was taken from detailed information of fee income and the services provided by firms. Graph. The full report is available from ww.cic.org.uk | ||
| 590 | _aWB | ||
| 650 | _aCONSTRUCTION PROFESSIONAL SERVICES | ||
| 650 | _aCONSTRUCTION INDUSTRY COUNCIL | ||
| 650 | _aRESEARCH PAPERS | ||
| 650 | _aFEE INCOME | ||
| 650 | _aCONSTRUCTION INDUSTRY | ||
| 690 | _aBUILT ENVIRONMENT | ||
| 942 | _n0 | ||
| 999 |
_c72640 _d72640 |
||